000 00640nam a2200193Ia 4500
008 151121s9999||||xx |||||||||||||| ||und||
082 _aबा।वि।
082 _bHNW-114031
100 _aबारटक्के सुहास
245 _aकिशोर कथा
260 _b"दिलीपराज प्रकाशन प्रा। लि।, पुणे।"
260 _c2013
300 _a60
600 _aबारटक्के सुहास
630 _aकिशोर कथा
700 _aबारटक्के सुहास
730 _aकिशोर कथा
942 _cBOOK
999 _c1263077
_d1263074